<?xml version="1.0" encoding="UTF-8"?>
<record
    xmlns:xsi="http://www.w3.org/2001/XMLSchema-instance"
    xsi:schemaLocation="http://www.loc.gov/MARC21/slim http://www.loc.gov/standards/marcxml/schema/MARC21slim.xsd"
    xmlns="http://www.loc.gov/MARC21/slim">

  <leader>01699nam a22003257a 4500</leader>
  <controlfield tag="005">2010091802302.0</controlfield>
  <controlfield tag="008">100915t        xxu||||| |||| 00| 0 hin d</controlfield>
  <datafield tag="010" ind1=" " ind2=" ">
    <subfield code="a">HIN-92017</subfield>
  </datafield>
  <datafield tag="020" ind1=" " ind2=" ">
    <subfield code="c">80.00</subfield>
    <subfield code="a">9788126319961</subfield>
  </datafield>
  <datafield tag="035" ind1=" " ind2=" ">
    <subfield code="a">HN-64363</subfield>
  </datafield>
  <datafield tag="037" ind1=" " ind2=" ">
    <subfield code="b">DBAD / PUB</subfield>
  </datafield>
  <datafield tag="040" ind1=" " ind2=" ">
    <subfield code="a">DPL</subfield>
    <subfield code="b">HN</subfield>
  </datafield>
  <datafield tag="082" ind1=" " ind2=" ">
    <subfield code="a">822</subfield>
  </datafield>
  <datafield tag="100" ind1=" " ind2=" ">
    <subfield code="9">20178</subfield>
    <subfield code="a">&#x920;&#x93E;&#x915;&#x941;&#x930;, &#x930;&#x935;&#x940;&#x928;&#x94D;&#x926;&#x94D;&#x930;&#x928;&#x93E;&#x925;</subfield>
  </datafield>
  <datafield tag="110" ind1=" " ind2=" ">
    <subfield code="9">26418</subfield>
  </datafield>
  <datafield tag="245" ind1=" " ind2=" ">
    <subfield code="a">&#x930;&#x935;&#x93F;&#x928;&#x94D;&#x926;&#x94D;&#x930;&#x928;&#x93E;&#x925; &#x920;&#x93E;&#x915;&#x941;&#x930; &#x915;&#x947; &#x926;&#x94B; &#x928;&#x93E;&#x91F;&#x915; /</subfield>
    <subfield code="c">&#x930;&#x935;&#x940;&#x928;&#x94D;&#x926;&#x94D;&#x930;&#x928;&#x93E;&#x925; &#x920;&#x93E;&#x915;&#x941;&#x930; ; &#x928;&#x947;&#x92E;&#x93F;&#x91A;&#x928;&#x94D;&#x926;&#x94D;&#x930; &#x91C;&#x948;&#x928; &#x926;&#x94D;&#x935;&#x93E;&#x930;&#x93E; &#x92C;&#x93E;&#x902;&#x917;&#x94D;&#x932;&#x93E; &#x938;&#x947; &#x905;&#x928;&#x941;&#x926;&#x93F;&#x924;</subfield>
  </datafield>
  <datafield tag="246" ind1=" " ind2=" ">
    <subfield code="a">Ravindranath thakur ke do natak</subfield>
    <subfield code="b">by Ravindranath thakur; Tra.by Nemi chandra jain</subfield>
  </datafield>
  <datafield tag="260" ind1=" " ind2=" ">
    <subfield code="a">&#x928;&#x908;&#x926;&#x93F;&#x932;&#x94D;&#x932;&#x940;</subfield>
    <subfield code="b">&#x92D;&#x93E;&#x930;&#x924;&#x940;&#x92F; &#x91C;&#x94D;&#x91E;&#x93E;&#x928;&#x92A;&#x940;&#x920;</subfield>
    <subfield code="c">2010</subfield>
  </datafield>
  <datafield tag="270" ind1=" " ind2=" ">
    <subfield code="a">18,&#x907;&#x928;&#x94D;&#x938;&#x94D;&#x91F;&#x940;&#x91F;&#x94D;&#x92F;&#x942;&#x936;&#x928;&#x932; &#x90F;&#x930;&#x93F;&#x92F;&#x93E;,&#x932;&#x94B;&#x926;&#x940; &#x930;&#x94B;&#x921;&#x93C;</subfield>
    <subfield code="b">&#x928;&#x908;&#x926;&#x93F;&#x932;&#x94D;&#x932;&#x940;</subfield>
    <subfield code="e">110003</subfield>
    <subfield code="m">jnanpith@satyam.net.in,   sales@jnanpith.net</subfield>
  </datafield>
  <datafield tag="300" ind1=" " ind2=" ">
    <subfield code="a">59&#x92A;&#x943;.</subfield>
    <subfield code="c">22&#x938;&#x947;&#x92E;&#x940; (&#x938;&#x91C;&#x93F;&#x932;&#x94D;&#x926;)</subfield>
  </datafield>
  <datafield tag="490" ind1=" " ind2=" ">
    <subfield code="a">&#x917;&#x94D;&#x930;&#x928;&#x94D;&#x925;&#x92E;&#x93E;&#x932;&#x93E;:&#x917;&#x94D;&#x930;&#x928;&#x94D;&#x925;&#x93E;&#x902;&#x915; 1050 &#x930;&#x935;&#x93F;&#x928;&#x94D;&#x926;&#x94D;&#x930; &#x915;&#x93E;&#x932;&#x93F;&#x92F;&#x93E; </subfield>
    <subfield code="9">27390</subfield>
  </datafield>
  <datafield tag="600" ind1=" " ind2=" ">
    <subfield code="9">26453</subfield>
  </datafield>
  <datafield tag="650" ind1=" " ind2=" ">
    <subfield code="9">1159</subfield>
    <subfield code="a">&#x939;&#x93F;&#x928;&#x94D;&#x926;&#x940; &#x928;&#x93E;&#x91F;&#x915;</subfield>
  </datafield>
  <datafield tag="650" ind1=" " ind2=" ">
    <subfield code="9">26117</subfield>
    <subfield code="a">Hindi Play</subfield>
  </datafield>
  <datafield tag="700" ind1=" " ind2=" ">
    <subfield code="9">20179</subfield>
    <subfield code="a">&#x91C;&#x948;&#x928;, &#x928;&#x947;&#x92E;&#x93F;&#x91A;&#x928;&#x94D;&#x926;&#x94D;&#x930; </subfield>
  </datafield>
  <datafield tag="700" ind1=" " ind2=" ">
    <subfield code="9">20333</subfield>
    <subfield code="a">&#x930;&#x935;&#x940;&#x928;&#x94D;&#x926;&#x94D;&#x930; &#x915;&#x93E;&#x932;&#x93F;&#x92F;&#x93E;</subfield>
  </datafield>
  <datafield tag="700" ind1=" " ind2=" ">
    <subfield code="9">20540</subfield>
  </datafield>
  <datafield tag="942" ind1=" " ind2=" ">
    <subfield code="2">ddc</subfield>
    <subfield code="c">HN</subfield>
    <subfield code="m">&#x920;&#x93E;&#x915;&#x941;&#x930;</subfield>
    <subfield code="h">822</subfield>
  </datafield>
  <datafield tag="999" ind1=" " ind2=" ">
    <subfield code="c">50976</subfield>
    <subfield code="d">50976</subfield>
  </datafield>
  <datafield tag="952" ind1=" " ind2=" ">
    <subfield code="0">0</subfield>
    <subfield code="1">0</subfield>
    <subfield code="2">ddc</subfield>
    <subfield code="4">0</subfield>
    <subfield code="7">1</subfield>
    <subfield code="8">NFIC</subfield>
    <subfield code="a">DBAD</subfield>
    <subfield code="b">DBAD</subfield>
    <subfield code="d">2011-03-10</subfield>
    <subfield code="e">DBAD</subfield>
    <subfield code="g">80.00</subfield>
    <subfield code="l">0</subfield>
    <subfield code="o">822 &#x930;&#x935;&#x93F;&#x928;&#x94D;&#x926;&#x94D;&#x930;</subfield>
    <subfield code="p">HN-64363</subfield>
    <subfield code="r">2011-03-10 00:00:00</subfield>
    <subfield code="t">1</subfield>
    <subfield code="v">80.00</subfield>
    <subfield code="w">2011-03-10</subfield>
    <subfield code="y">HN</subfield>
  </datafield>
</record>
